Les 2 villes les plus peuplées par région française en F - Statistiques

Statistiques générales
  • Ce quiz a été pris 77 fois
  • Le résultat moyen est 7 sur 26
Statistiques - réponses
Régions Départements Population Villes % Correct
Provence Alpes Côte d’Azur Var 58 000 Fréjus
76%
Bretagne Ille et Vilaine 21 000 Fougères
59%
Île de France Val de Marne 53 000 Fontenay sous Bois
45%
Grand Est Moselle 21 000 Forbach
44%
Normandie Seine Maritime 18 000 Fécamp
42%
Auvergne Rhône Alpes Isère 22 000 Fontaine
42%
Bourgogne Franche Comté Côte d'Or 9 000 Fontaine les Dijon
42%
Loire 17 000 Firminy
38%
Occitanie Hérault 24 000 Frontignan
38%
Centre Val de Loire Loiret 22 000 Fleury les Aubrais
33%
Orne 14 000 Flers
32%
Val d'Oise 38 000 Franconville
30%
Corse Haute Corse 6 000 Furiani
24%
Bouches du Rhône 16 000 Fos sur Mer
20%
Finistère 10 000 Fouesnant
20%
Nord 12 000 Fourmies
20%
Nouvelle Aquitaine Gironde 18 000 Floirac
15%
Pays de la Loire Loire Atlantique 4 000 Fay-de-Bretagne
9%
Corse du Sud 2 000 Figari
8%
Indre et Loire 12 000 Fondettes
8%
Moselle 15 000 Fameck
6%
Hauts de France Nord 18 000 Faches-Thumesnil
5%
Nièvre 4 000 Fourchambault
5%
Haute Vienne 6 000 Feytiat
3%
Haute Garonne 13 000 Fonsorbes
3%
Loire Atlantique 3 000 Frossay
3%
Aucun quiz correspondant
Distribution des résultats
% des personnes avec chaque résultat
Percentile par nombre de réponses
Votre historique - résultats
Vous n’avez pas pris ce quiz